A szövetkezetek belső szervezetének fejlődése. Új koncepciók a szövetkezetek belső szervezetével és működésével kapcsolatban

Elmentve itt :
Bibliográfiai részletek
Szerző: Tóth Imre
További közreműködők: Veres József (Témavezető)
Dokumentumtípus: Szakdolgozat
Megjelent: 1990
Tárgyszavak:
Online Access:http://diploma.bibl.u-szeged.hu/22337
LEADER 00635nta a2200157 i 4500
001 dipl22337
005 20130314081234.0
008 111024s1990 hu om 0|| zxx d
040 |a SZTE Diploma Repozitórium  |b hun 
041 |a zxx 
100 1 |a Tóth Imre 
245 1 2 |a A szövetkezetek belső szervezetének fejlődése. Új koncepciók a szövetkezetek belső szervezetével és működésével kapcsolatban  |h [elektronikus dokumentum] /  |c Imre Tóth 
260 |c 1990 
650 4 |a Jogi és igazgatási tanulmányok 
700 1 |a Veres József  |e ths 
856 4 0 |u http://diploma.bibl.u-szeged.hu/id/eprint/22337/1/1990_toth_imre.pdf  |z Dokumentum-elérés